01242nam a22002777a 4500999001500000001000500015003000900020005001700029008004100046020001500087040002800102082001700130100002000147245007900167260003400246300004400280500011000324500002000434650002300454700001900477942001200496952011400508952011400622952011400736952011400850 c4696d46963860BD-DhUAP20201117122159.0201117s1996 nyua 001 0 eng  a0471135577 aDLCcDLCdBD-DhUAPbEng00223a546 BRA 1 aBrady, James E.10aDescriptive chemistry of the elements /cJames E. Brady and John R. Holum. aNew York :bJ. Wiley,cc1996. ax, 138 pages :billustrations ;c26 cm. a"This supplement was written to accompany the text Chemistry: the study of matter and its changes"--Pref. aIncludes index. 0aChemical elements.1 aHolum, John R. 2ddccBK 00102ddc4070aUAPCLbUAPCLcGeneral Stacksd2020-11-17o546 BRAp3010003860r2020-11-17t1w2020-11-17yBK 00102ddc4070aUAPCLbUAPCLcGeneral Stacksd2020-11-17o546 BRAp3010003859r2020-11-17t2w2020-11-17yBK 00102ddc4070aUAPCLbUAPCLcGeneral Stacksd2020-11-17o546 BRAp3010004427r2020-11-17t3w2020-11-17yBK 00102ddc4070aUAPCLbUAPCLcGeneral Stacksd2020-11-17o546 BRAp3010003858r2020-11-17t4w2020-11-17yBK